Catálogo
 En Linea

La tavola di bronzo : (Registro nro. 34061)

Detalles MARC
000 -CABECERA
campo de control de longitud fija 00449nam a2200133 a 4500
001 - NÚMERO DE CONTROL
campo de control 000034570
005 - FECHA Y HORA DE LA ÚLTIMA TRANSACCIÓN
campo de control 20200930073755.0
008 - DATOS DE LONGITUD FIJA--INFORMACIÓN GENERAL
campo de control de longitud fija 111010s1857 it b 000 0 ita d
040 ## - FUENTE DE LA CATALOGACIÓN
Centro catalogador/agencia de origen DO-SdBNP
Lengua de catalogación spa
Centro/agencia transcriptor BNPHU
100 1# - ENTRADA PRINCIPAL--NOMBRE DE PERSONA
Nombre de persona Banchero, Giuseppe
9 (RLIN) 60003
245 13 - MENCIÓN DE TÍTULO
Título La tavola di bronzo :
Resto del título il pallio di seta ed il codice colombo americano /
Mención de responsabilidad, etc. Giuseppe Banchero.
260 ## - PUBLICACIÓN, DISTRIBUCIÓN, ETC.
Lugar de publicación, distribución, etc. Genova, :
Nombre del editor, distribuidor, etc. Fratelli Ferrando,
Fecha de publicación, distribución, etc. 1857.
300 ## - DESCRIPCIÓN FÍSICA
Extensión lxxix, 588 p. :
Otras características físicas map. ;
Dimensiones 27 cm.
Existencias
Estado de retiro Estado de pérdida Restricciones de uso No para préstamo Código de colección Localización permanente Ubicación/localización actual Ubicación en estantería Fecha de adquisición Número de inventario Total de préstamos Signatura topográfica completa Código de barras Fecha visto por última vez Precio válido a partir de Tipo de ítem Koha
      Excluido de préstamo Raros y valiosos General General En catalogación 10.10.2011 LF1   34570-10 25.06.2020 25.06.2020 No se presta

Con tecnología Koha